000 00499nam a2200181Ia 4500
001 25277
005 20260414151139.0
008 260414t2006||||xx |||||||||||||| ||spa||
041 _aESP
082 _a346.431
_bC78
100 _aCorcuera García, Marco Antonio
_eAUT
245 0 _aLey de la garantía mobiliaria :
_breglamento de inscripciones y normas complementarias
260 _c2006
300 _a350 páginas :
_c23 cm.
650 _aDER
654 _aCDE
942 _cLIB
_dJUS
_fJUS
_2ddc
_n
999 _c25277
_d25277